Exercices systématiques de prononciation française

Đã lưu trong:
Chi tiết về thư mục
Tác giả chính: León, Monique
Định dạng: Sách
Ngôn ngữ:Undetermined
Được phát hành: París, Francia Hachette 1964
Phiên bản:8
Những chủ đề:
Các nhãn: Thêm thẻ
Không có thẻ, Là người đầu tiên thẻ bản ghi này!

MARC

LEADER 00000nam a2200000Ia 4500
008 170316s9999 xx 000 0 und d
090 |a 415-F L-3e v.1 
100 |a León, Monique 
245 |a Exercices systématiques de prononciation française 
250 |a 8 
260 |a París, Francia 
260 |b Hachette 
260 |c 1964 
300 |a 115 páginas Vol. I. 
650 |a GRAMÁTICA FRANCESA 
999 |c 19217  |d 19217 
040 |a cru BVZT 
942 |c 15 D  |h 415-F L-3e v.1  |2 z